<?xml version="1.0" encoding="UTF-8"?>
<record
    xmlns:xsi="http://www.w3.org/2001/XMLSchema-instance"
    xsi:schemaLocation="http://www.loc.gov/MARC21/slim http://www.loc.gov/standards/marcxml/schema/MARC21slim.xsd"
    xmlns="http://www.loc.gov/MARC21/slim">

  <leader>00916nam a2200229   4500</leader>
  <controlfield tag="003">OSt</controlfield>
  <controlfield tag="005">20260601193854.0</controlfield>
  <controlfield tag="008">260418b1999    eng||||| |||| 00| 0 eng d</controlfield>
  <datafield tag="040" ind1=" " ind2=" ">
    <subfield code="a">ICI</subfield>
    <subfield code="b">spa</subfield>
    <subfield code="c">ICI</subfield>
  </datafield>
  <datafield tag="050" ind1=" " ind2=" ">
    <subfield code="a">NC998.4</subfield>
    <subfield code="b">F58</subfield>
  </datafield>
  <datafield tag="100" ind1=" " ind2="1">
    <subfield code="a">Finke, Gail Deibler,</subfield>
    <subfield code="d">1964-</subfield>
  </datafield>
  <datafield tag="245" ind1=" " ind2="1">
    <subfield code="a">You are here :</subfield>
    <subfield code="b">graphics that direct, explain &amp; entertain /</subfield>
    <subfield code="c">from the Society for Environmental Graphic Design ; edited by Leslie Gallery-Dilworth ; written by Gail Diebler Finke</subfield>
  </datafield>
  <datafield tag="264" ind1=" " ind2=" ">
    <subfield code="b">ST Publications ;</subfield>
    <subfield code="b">Distributed in the U.S. and Canada by Watson-Guptill Publications,</subfield>
    <subfield code="c">[1999]</subfield>
    <subfield code="a">Cincinnati, Ohio :</subfield>
    <subfield code="a">New York, New York :</subfield>
  </datafield>
  <datafield tag="300" ind1=" " ind2=" ">
    <subfield code="a">198 p&#xE1;ginas</subfield>
    <subfield code="b">ilustraciones</subfield>
  </datafield>
  <datafield tag="336" ind1=" " ind2=" ">
    <subfield code="a">texto</subfield>
    <subfield code="2">rdacontent</subfield>
  </datafield>
  <datafield tag="337" ind1=" " ind2=" ">
    <subfield code="a">sin medio</subfield>
    <subfield code="2">rdamedia</subfield>
  </datafield>
  <datafield tag="338" ind1=" " ind2=" ">
    <subfield code="a">volumen</subfield>
    <subfield code="2">rdacarrier</subfield>
  </datafield>
  <datafield tag="650" ind1=" " ind2=" ">
    <subfield code="a">Artes gr&#xE1;ficas</subfield>
  </datafield>
  <datafield tag="700" ind1=" " ind2="1">
    <subfield code="a">Finke, Gail Deibler,</subfield>
    <subfield code="d">1964-</subfield>
    <subfield code="e">editor</subfield>
  </datafield>
  <datafield tag="700" ind1=" " ind2="1">
    <subfield code="a">Gallery-Dilworth, Leslie,</subfield>
    <subfield code="e">autor</subfield>
    <subfield code="9">32847</subfield>
  </datafield>
  <datafield tag="942" ind1=" " ind2=" ">
    <subfield code="2">lcc</subfield>
    <subfield code="c">B</subfield>
  </datafield>
  <datafield tag="999" ind1=" " ind2=" ">
    <subfield code="c">21997</subfield>
    <subfield code="d">21997</subfield>
  </datafield>
  <datafield tag="952" ind1=" " ind2=" ">
    <subfield code="0">0</subfield>
    <subfield code="1">0</subfield>
    <subfield code="2">lcc</subfield>
    <subfield code="4">0</subfield>
    <subfield code="7">0</subfield>
    <subfield code="a">BDIMFM</subfield>
    <subfield code="b">BDIMFM</subfield>
    <subfield code="d">2026-04-18</subfield>
    <subfield code="l">0</subfield>
    <subfield code="o">NC998.4 F58</subfield>
    <subfield code="p">BDIMFM000024</subfield>
    <subfield code="r">2026-04-18 17:44:14</subfield>
    <subfield code="t">Ej. 1</subfield>
    <subfield code="w">2026-04-18</subfield>
    <subfield code="y">B</subfield>
  </datafield>
</record>
